000 00318nam a2200121 a 4500
005 20140414131926.0
008 101027s19uu xx 00 eng d
050 _aER
_bR84 1999
100 _aRichards, Kitty
245 _aRugrats: Lights, camera, Dil!.
260 _bScholastic ,
_c1999.
_aNew York :
999 _c112039
_d112039